Здравоохранение Дальнего Востока России в условиях рыночных реформ (Запись № 9740950)

Подробности
000 -МАРКЕР
контрольное поле 02491nam0a2200457 i 4500
001 - ИДЕНТИФИКАТОР ЗАПИСИ
контрольное поле RU\NLR\BIBL_A\010408361
005 - ИДЕНТИФИКАТОР ВЕРСИИ
контрольное поле 20240921192335.0
010 ## - МЕЖДУНАРОДНЫЙ СТАНДАРТНЫЙ НОМЕР КНИГИ (ISBN)
Номер (ISBN) 9785857973004
Тираж 300
035 ## - ДРУГИЕ СИСТЕМНЫЕ НОМЕРА
Идентификатор записи (NILC)LIBNET\0000433661
035 ## - ДРУГИЕ СИСТЕМНЫЕ НОМЕРА
Идентификатор записи RUCML-BIBL-0001352860
035 ## - ДРУГИЕ СИСТЕМНЫЕ НОМЕРА
Идентификатор записи (NLR Aleph) 010408361
100 ## - ДАННЫЕ ОБЩЕЙ ОБРАБОТКИ
Данные общей обработки 20140624d2013 k y0rusy50 ca
101 0# - ЯЗЫК РЕСУРСА
Язык текста, звукозаписи и т.д. русский
102 ## - СТРАНА ПУБЛИКАЦИИ ИЛИ ПРОИЗВОДСТВА
Страна публикации российская федерация
105 ## - ПОЛЕ КОДИРОВАННЫХ ДАННЫХ: ТЕКСТОВЫЕ МАТЕРИАЛЫ, МОНОГРАФИЧЕСКИЕ
Кодированные данные о монографическом текстовом документе a|||z||||||||
200 1# - ЗАГЛАВИЕ И СВЕДЕНИЯ ОБ ОТВЕТСТВЕННОСТИ
Основное заглавие Здравоохранение Дальнего Востока России в условиях рыночных реформ
Сведения, относящиеся к заглавию монография
Первые сведения об ответственности В. Г. Дьяченко, В.Б. Пригорнев, Л.В. Солохина [и др.]
Последующие сведения об ответственности под общ. ред. В. Г. Дьяченко
-- Минздрав России, Гос. бюджет. учреждение высш. проф. образования "Дальневост. гос. мед. ун-т" М-ва здравоохранения Рос. Федерации
210 ## - ПУБЛИКАЦИЯ, РАСПРОСТРАНЕНИЕ И ДР.
Место издания, распространения и т.д. Хабаровск
Имя издателя, распространителя и т. д. Изд-во ДВГМУ
Дата издания, распространения и т.д. 2013
215 ## - ФИЗИЧЕСКАЯ ХАРАКТЕРИСТИКА
Специфическое обозначение материала и объем 687 с.
Другие сведения о физической характеристике ил.
Размеры 20
300 ## - ОБЩИЕ ПРИМЕЧАНИЯ
Текст примечания На 687-й с. авт.: Дьяченко Владимир Гаврилович, д.м.н., проф. Пригорнев Владимир Борисович, д.м.н. Солохина Людмила Васильевна, д.м.н., проф.
320 ## - ПРИМЕЧАНИЯ О НАЛИЧИИ В ДОКУМЕНТЕ БИБЛИОГРАФИИ / УКАЗАТЕЛЯ
Текст примечания Библиогр.: с. 664-686 (329 назв.) и в подстроч. примеч.
606 1# - НАИМЕНОВАНИЕ ТЕМЫ КАК ПРЕДМЕТ
Наименование темы Здравоохранение
Географический подзаголовок Дальний Восток Российской Федерации
Системный номер авторитетной/нормативной записи 2155491
Идентификатор авторитетной/нормативной записи RU\NLR\AUTH\661297684
606 1# - НАИМЕНОВАНИЕ ТЕМЫ КАК ПРЕДМЕТ
Наименование темы ЗДРАВООХРАНЕНИЕ
-- rus
Географический подзаголовок Дальний восток Российской федерации
Код системы rus_mesh
Идентификатор авторитетной/нормативной записи R11817
606 1# - НАИМЕНОВАНИЕ ТЕМЫ КАК ПРЕДМЕТ
Наименование темы PUBLIC HEALTH
-- eng
Код системы rus_mesh
Идентификатор авторитетной/нормативной записи E11817
675 ## - УНИВЕРСАЛЬНАЯ ДЕСЯТИЧНАЯ КЛАССИФИКАЦИЯ (UDC/УДК)
Индекс 614.2(571.6)
Издание 3
Язык издания rus
686 ## - ИНДЕКСЫ ДРУГИХ КЛАССИФИКАЦИЙ
Индекс 76.75.75
Код системы
686 ## - ИНДЕКСЫ ДРУГИХ КЛАССИФИКАЦИЙ
Индекс H02.403.720
Издание 2013
Код системы
686 ## - ИНДЕКСЫ ДРУГИХ КЛАССИФИКАЦИЙ
Индекс N01.400.550
Издание 2013
Код системы
686 ## - ИНДЕКСЫ ДРУГИХ КЛАССИФИКАЦИЙ
Индекс N06.850
Издание 2013
Код системы
686 1# - ИНДЕКСЫ ДРУГИХ КЛАССИФИКАЦИЙ
Индекс Р11(2Р55)
701 #1 - ИМЯ ЛИЦА - АЛЬТЕРНАТИВНАЯ ОТВЕТСТВЕННОСТЬ
Начальный элемент ввода Дьяченко
Часть имени, кроме начального элемента ввода В. Г.
Расширение инициалов личного имени Владимир Гаврилович
Код отношения Автор
-- Редактор
701 #1 - ИМЯ ЛИЦА - АЛЬТЕРНАТИВНАЯ ОТВЕТСТВЕННОСТЬ
Начальный элемент ввода Пригорнев
Часть имени, кроме начального элемента ввода В. Б.
Расширение инициалов личного имени Владимир Борисович
701 #1 - ИМЯ ЛИЦА - АЛЬТЕРНАТИВНАЯ ОТВЕТСТВЕННОСТЬ
Начальный элемент ввода Солохина
Часть имени, кроме начального элемента ввода Л. В.
Расширение инициалов личного имени Людмила Васильевна
801 #0 - ИСТОЧНИК ЗАПИСИ
Страна российская федерация
Организация ЦНМБ
Дата составления 20140204
Правила каталогизации RCR
801 #1 - ИСТОЧНИК ЗАПИСИ
Страна российская федерация
Организация ЦНМБ
Дата составления 20140204
Источник данных rusmarc
801 #2 - ИСТОЧНИК ЗАПИСИ
Страна российская федерация
Организация ЦНМБ
Дата составления 20140319
Источник данных rusmarc
801 #2 - ИСТОЧНИК ЗАПИСИ
Страна российская федерация
Организация ЦНМБ
Дата составления 20140320
Источник данных rusmarc
942 ## - ДОПОЛНИТЕЛЬНЫЕ ЭЛЕМЕНТЫ ЗАПИСИ (АБИС)
Тип экземпляра АБИС Книга
980 ## - КОЛЛЕКЦИЯ
Название коллекции НБР

Нет доступных экземпляров.